000 00423nam a22001697a 4500
005 20180816121016.0
008 160524b xxu||||| |||| 00| 0 eng d
020 _a0-47-49633-2
041 _aeng
082 _b4616
_a658.4012
100 _aChen, Stephen
_91142
245 _aStrategic Mgt. of e-Business
260 _aNew Delhi
_bAcademic Faundation
_c2001
300 _a354p,
650 _aManagement
_9241
942 _cBK
999 _c1552
_d1551